Normal view MARC view

Entry Nombre personal

Number of records used in: 1

001 - NÚMERO DE CONTROL

  • campo de control: 988

003 - IDENTIFICADOR DE NÚMERO DE CONTROL

  • campo de control: DLC

005 - FECHA Y HORA DE LA ÚLTIMA TRANSACCIÓN

  • campo de control: 20260330103355.0

008 - ELEMENTOS DE DATO DE LONGITUD-FIJA

  • campo de control de longitud fija: 870302n| azannaabn |a aaa

010 ## - NÚMERO DE CONTROL DE LA BIBLIOTECA DEL CONGRESO

  • Número de control de LC: n 86052895
  • Número de control de LC cancelado o no válido: n 2004088523

035 ## - NÚMERO DE CONTROL DEL SISTEMA

  • Número de control de sistema: (OCoLC)oca01798695

035 ## - NÚMERO DE CONTROL DEL SISTEMA

  • Número de control de sistema: (Uk)001750691

040 ## - FUENTE DE CATALOGACIÓN

  • Centro catalogador/agencia de origen: DLC
  • Lengua de catalogación: eng
  • Normas de descripción: rda
  • Centro/agencia transcriptor: DLC
  • Centro/agencia modificador: DLC
  • Centro/agencia modificador: Uk
  • Centro/agencia modificador: DLC
  • Centro/agencia modificador: UPB
  • Centro/agencia modificador: Uk

100 1# - ENCABEZAMIENTO-NOMBRE DE PERSONA

  • Nombre de persona: Recalde, Héctor

374 ## - OCUPACIÓN

  • Ocupación: Educators
  • Fuente del término: lcsh

375 ## - GÉNERO/SEXO

  • Género: Males
  • Fuente del término: lcdgt

377 ## - IDIOMA ASOCIADO

  • Código del idioma: spa

378 ## - FORMA COMPLETA/DESARROLLADA DEL NOMBRE

  • Forma completa/desarrollada del nombre: Héctor Eleodoro

400 1# - TRAZADO DE VÉASE--NOMBRE DE PERSONA

  • Nombre de persona: Recalde, H.
  • Forma completa/desarrollada del nombre: (Héctor)

400 1# - TRAZADO DE VÉASE--NOMBRE DE PERSONA

  • Nombre de persona: Recalde, Héctor Eleodoro.

670 ## - FUENTE DE DATOS ENCONTRADOS

  • Cita de la fuente: His Matrimonio civil y divorcio, c1986:
  • Información encontrada: t.p. (Héctor Recalde)

670 ## - FUENTE DE DATOS ENCONTRADOS

  • Cita de la fuente: His El Primer Congreso Pedagógico, c1987- :
  • Información encontrada: v. 1, t.p. (Héctor Recalde) spine (H. Recalde) cover p. 4 (educador)

670 ## - FUENTE DE DATOS ENCONTRADOS

  • Cita de la fuente: His La salud de los trabajadores en Buenos Aires (1870-1910), 1997:
  • Información encontrada: t.p. (Héctor Recalde)

670 ## - FUENTE DE DATOS ENCONTRADOS

  • Cita de la fuente: His La protesta social en la Argentina, 2003:
  • Información encontrada: t.p. (Héctor E. Recalde) p. 174 (in bibliography, lists Héctor E. Recalde as author of La salud de los trabajadores en Buenos Aires (1870-1910))

670 ## - FUENTE DE DATOS ENCONTRADOS

  • Cita de la fuente: Señoras, universitarias, mujeres, 1910-2010, 2010:
  • Información encontrada: t.p. (Héctor Eleodoro Recalde) front flap (lic. in sociology (UBA) and dr. in history (UNLP); has published numerous works on sanitary problems from a historical perspective, the role of the Church in Argentine society, and issues relating to women)

670 ## - FUENTE DE DATOS ENCONTRADOS

  • Cita de la fuente: LC database, Aug. 29, 2011
  • Información encontrada: (hdgs.: Recalde, Héctor; Recalde, Héctor E.; usage: Héctor Recalde, Héctor E. Recalde; all works from 1986 to 1994 are published by Centro Editor de América Latina; all works from 1997 to 2010 are published by Grupo Editor Universitario)